00872nam a2200265 a 4500001001000000003000900010005001700019007001000036008004000046020001800086040002200104041001300126100003700139245013500176246002500311260003700336300002600373490002400399546003500423650003300458650003500491700003000526700002600556830002400582000004527DO-SdBNP20180322154246.0000004527090723s2010 dr a 000 p spa d a9789945429244 aBPMETbspacBPMET1 aspaheng1 aSánchez Beras, César,d1962-13aEl sapito azul =bThe Little Blue Frog /cCésar Sánchez Beras ; traducción Rhina P. Espaillat ; ilustración Baltazar Alí31aThe Little Blue Frog aSanto Domingo :bAfaguara c2010 a57 p. ;bil.,c22 cm. aAlfaguara infantil  aTexto en español y español 4aPOESÍA INFANTIL DOMINICANA 4aLITERATURA INFANTIL DOMINICANA1 aEspaillat, Rhina P.,etr.1 aAlí, Baltazar eil. pAlfaguara infantil